Baseball Stadiums by Field Dimensions - Statistics

General Stats
  • This quiz has been taken 3,374 times
  • The average score is 6 of 32
Answer Stats
Picture Answer % Correct
Fenway Park
90%
Yankee Stadium
63%
Polo Grounds
60%
Wrigley Field
32%
Oracle Park
28%
Comerica Park
25%
Coors Field
21%
Minute Maid Park
21%
Dodger Stadium
19%
Oakland Coliseum
18%
PNC Park
17%
Chase Field
15%
T-Mobile Park
15%
Kauffman Stadium
14%
Citi Field
12%
Rodgers Centre
12%
LoanDepot Park
11%
Petco Park
10%
American Family Field
9%
Angel Stadium
9%
Nationals Park
9%
Citizens Bank Park
8%
Globe Life Field
8%
Target Field
8%
Tropicana Field
8%
Oriole Park at Camden Yards
6%
Guaranteed Rate Field
5%
Progressive Field
5%
Truist Park
5%
Busch Stadium
4%
Great American Ball Park
4%
Yokohama Stadium
2%
No matching quizzes found
Score Distribution
Percent of People with Each Score
Percentile by Number Answered
Your Score History
You have not taken this quiz